Statistics for Ireland Quiz

Click here to take the quiz!

General Stats

  • This quiz has been taken 150 times
  • The average score is 11 of 13

Answer Stats

HintAnswer% Correct
Capital of Ireland?Dublin
99%
The three colours on the Irish flag?Green
99%
Orange
99%
White
99%
English
97%
Currency of Ireland?Euro
95%
What is "Ireland" in Irish?Eire
93%
What is the country's official languages?Irish
91%
Ireland has won the Eurovision how many times?7
82%
National symbol of Ireland?Shamrock
82%
The famous beer from Ireland?Guinness
81%
Ireland's national holiday?St Patrick's Day
74%
Traditional sport of Ireland?Gaelic football
57%

Score Distribution

Percentile by Number Answered

Percent of People with Each Score

Your Score History

You have not taken this quiz